| 000 | 00456nam a2200181Ia 4500 | ||
|---|---|---|---|
| 003 | OSt | ||
| 005 | 20260129114255.0 | ||
| 008 | 210210b xxu||||| |||| 00| 0 eng d | ||
| 040 | _cAL | ||
| 041 | _aKannada | ||
| 082 | _a853/336 | ||
| 100 |
_aRAMAKANTA _9161599 _dರಮಾಕಾಂತ |
||
| 245 |
_aKalki: _bಕಲ್ಕಿ |
||
| 260 |
_aDharavada _bKarnataka Sahitya Prakashana |
||
| 690 |
_aKannada Drama _9161600 |
||
| 906 | _a019612 | ||
| 942 |
_2ddc _cBK |
||
| 999 |
_c143746 _d143746 |
||